Countries with Latin Mottos - Statistics

General Stats
  • This quiz has been taken 37 times
  • The average score is 7 of 14
Answer Stats
National motto Translation Country % Correct
Plus Ultra Further beyond Spain
88%
A mari usque ad mare From sea to sea Canada
76%
Unus pro omnibus, omnes pro uno One for all, all for one Switzerland
68%
Libertas Liberty San Marino
62%
Virtus Unita Fortior Strength united is stronger Andorra
59%
Virtute et constantia Strength and consistency Malta
53%
Deo juvante With God's help Monaco
53%
Stella Clavisque Maris Indici Star and key of the Indian Ocean Mauritius
47%
Sub umbra floreo Under the shade I flourish Belize
44%
Pro mundi beneficio For the benefit of the world Panama
41%
Finis coronat opus The end crowns the work Seychelles
38%
Justitia, pietas, fides Justice, piety, loyalty Suriname
35%
Pax et justitia Peace and justice Saint Vincent and the Grenadines
32%
Virtus Unita Fortior Strength united is stronger Angola
21%
No matching quizzes found
Score Distribution
Percent of People with Each Score
Percentile by Number Answered
Your Score History
You have not taken this quiz